书目信息 |
| 书名: | Porch & sunroom planner | |
| 作者: | Meredith BOOKS | |
| 分册号: | ||
| 分册名: | 出版地: | Des Moines |
|
| 出版社: | Meredith BOOKS | |
| 出版时间: | 2005 | |
| 页数: | 160P | |
| 开本: | 30CM | |
| 丛书名: | ||
| 中图分类号: | ||
| 科图分类号: | ||
| 其他分类号: | TU238 | |
| 主题词: | ||
| 电子资源: | ||
| 000 | 00379nam0 2200133 450 | |
| 001 | 202012003440 | |
| 005 | 20121205102219.0 | |
| 008 | 12120501s | |
| 020 | @a9780696222184@c$14.95 | |
| 099 | @dTU238@eM5591 | |
| 245 | @aPorch & sunroom planner. @cMeredith BOOKS | |
| 260 | 0 | @aDes Moines@bMeredith BOOKS@c2005 |
| 300 | @a160P@c30CM | |
| 905 | @aTSG@b14828-9@dTU238@eM5591 | |
| Porch & sunroom planner. / Meredith BOOKS.-Des Moines : Meredith BOOKS , 2005 |
| 160P ; 30CM |
| ISBN 9780696222184$14.95 |
| ● |
| 相关链接 |
|
|
|
正题名:Porch & sunroom planner
索取号:TU238/M5591
 
预约/预借
| 序号 | 登录号 | 条形码 | 馆藏地/架位号 | 状态 | 备注 |
| 1 | 14828 | 300148285 | 建筑库101/101建筑库 101排7列2层/ [索取号:TU238/M5591] | 在馆 | |
| 2 | 14829 | 300148294 | 建筑库101/101建筑库 101排6列2层/ [索取号:TU238/M5591] | 在馆 |